000 01436nam a2200217Ia 4500
003 Ost
005 20260507075605.0
008 260507s9999||||xx |||||||||||||| ||und||
020 _a9789777333059
040 _cfsecg
041 _aara
082 _a301.1
100 _aعبد الخالق، عبير
_eمؤلف
245 0 _aالتنمية البشرية وتطوير الذات :
_bأسرار النجاح والتميز - استراتيجيات النجاح والفشل - التوازن - مهارات التفكير وتقنيات الذاكرة - الاستقرار النفسي - فن الدفاع عن النفس /
_c عبير عبد الخالق
260 _aالإسكندرية:
_bدار التعليم الجامعي,
_c2020
300 _a232 صفحة؛
_bإيضاحات ؛
_c24 سم
504 _aببليوغرافيا ص.231
520 _aتناول هذا الكتاب موضوع التنمية البشرية وتطوير الذات وإدارة الضغوط واتخاذ القرار والتغيير الإيجابي وفن الدفاع النفس، وتحدث في فصوله عن أسرار النجاح والتميز وعن مهارات التفكير وتقنيات الذاكرة ، بالاضافة الى الدليل نحو العلاقات الاجتماعية الناجحة والدليل الى الاستقرار النفسي.
653 _aالتنمية البشرية
942 _cكتاب
999 _c45040
_d45040